| 000 | 005410000a22001210004500 | ||
|---|---|---|---|
| 773 | 0 | _tPerfiles: revista de la comunidad académica UDES | |
| 100 | 1 | _aSerrano Sarmiento, Rafael | |
| 245 | 1 | 0 | _aEspañoles en la historia del departamento de Santander, República de Colombia |
| 300 | _aVol.0, núm.2 ( , 2005), Páginas 86-92 | ||
| 520 | _aFray Joaquín de Finestrad, Fray Domingo de Petrés, Los Hermanos Penagos Villalaín, Don Julio Alvarez Ceron, Don Jósé María Ots Capdequí, | ||
| 650 | 1 | 4 | _aHISTORIA-SANTANDER-ESPAÑOLES |
| 942 | _cANA | ||
| 999 |
_c62578 _d62578 |
||